| 000 | 00607nam a22001937a 4500 | ||
|---|---|---|---|
| 999 |
_c5606 _d5606 |
||
| 003 | AR-CdUCM | ||
| 008 | 190312b ||||| |||| 00| 0 spa d | ||
| 040 |
_aMUNICIPALIDAD PROVINCIAL DEL CUSCO _cBIBLIOTECA MUNICIPAL DEL CUSCO |
||
| 082 |
_22ed. _a869.26 / _bP88 |
||
| 100 |
_aPua, Carlos de la _916768 |
||
| 245 |
_aLa crencha engrasada : _bpoemas bajos / |
||
| 260 |
_aBuenos Aires : _bPorteña, _c1954. |
||
| 300 |
_a114 páginas ; _c20 cm. _bilustraciones ; |
||
| 650 |
_aPoesía argentina _91657 |
||
| 650 |
_aSiglo XX _98 |
||
| 700 |
_aGobelo, Jose (notas) _916769 |
||
| 942 |
_2ddc _cLIBROS |
||
| 945 | _azta | ||